LEADER 00937nam0 2200289 450 001 000022819 005 20090210170648.0 100 $a20090210d1974----km-y0itay50------ba 101 0 $aita 102 $aIT 105 $ay-------001yy 200 1 $aScuola e classi sociali in Italia$egli aspetti economici$fFiorella Padoa Schioppa 210 $aBologna$cIl mulino$d[1974] 215 $a302 p.$d22 cm 225 2 $aStudi e ricerche$v43 410 0$12001$aStudi e ricerche 500 10$aScuola e classi sociali in Italia$945924 610 1 $aScuola$aItalia 610 1 $aIstruzione pubblica$aItalia$a1949-1971 676 $a371.00945$v19 700 1$aKostoris Padoa Schioppa,$bFiorella$0248757 801 0$aIT$bUNIPARTHENOPE$c20090210$gRICA$2UNIMARC 912 $a000022819 951 $a811/3$b4775$cNAVA2$d2009 951 $a811/5$b556/L/CNR$cNAVA2$d2009 996 $aScuola e classi sociali in Italia$945924 997 $aUNIPARTHENOPE LEADER 00972nam0 2200277 450 001 000023865 005 20090309172327.0 010 $a978-0-898716-26-9 100 $a20090304d2007----km-y0itay50------ba 101 0 $aeng 102 $aUS 200 1 $aMatrix methods in data mining and pattern recognition$fLars Elden 210 $aPhiladelphia$cSIAM$dc2007 215 $aX, 224 p.$d25 cm 225 2 $aFundamentals of algorithms$v4 410 0$12001$aFundamentals of algorithms$v4 500 10$aMatrix methods in data mining and pattern recognition$944905 610 1 $aEstrazione dati$aModelli matematici 676 $a005.74$v21$9Archivi di dati e basi di dati 700 1$aElden,$bLars$042633 801 0$aIT$bUNIPARTHENOPE$c20090304$gRICA$2UNIMARC 912 $a000023865 951 $aDSA 005-M/1$b3764$cDSA$d2009 951 $aDSA 005-M/1 (1)$b3764 (2)$cDSA$d2009 996 $aMatrix methods in data mining and pattern recognition$944905 997 $aUNIPARTHENOPE